A way with words: vocabulary development activities
Spremljeno u:
| Glavni autori: | , |
|---|---|
| Format: | Knjiga |
| Jezik: | engleski |
| Izdano: |
Cambridge
Cambridge University
1989
|
| Teme: | |
| Oznake: |
Dodaj oznaku
Bez oznaka, Budi prvi tko označuje ovaj zapis!
|
MARC
| LEADER | 00000nam a2200000 a 4500 | ||
|---|---|---|---|
| 001 | UCZ6679 | ||
| 003 | CL-VaPUC | ||
| 008 | 951214e19890000UK |||||||||||||||||eng|d | ||
| 082 | 0 | 4 | |a 372.61 |b RED |2 21 |
| 100 | 0 | |a Redman, Stuart |e author |9 351121 | |
| 700 | 0 | |a Ellis, Robert |e author |9 351122 | |
| 245 | 1 | 2 | |a A way with words: vocabulary development activities |
| 300 | |a 2 v | ||
| 942 | |c BK | ||
| 945 | |d 19951214 00:00:00 |a rleighto | ||
| 260 | |a Cambridge |b Cambridge University |c 1989 | ||
| 500 | |a Texto guía para el profesor | ||
| 650 | 0 | |a Enseñanza de idiomas |9 339820 | |
| 650 | 0 | |a Métodos de enseñanza |9 270413 | |
| 650 | 0 | |a Enseñanza |9 256457 | |
| 650 | 0 | |a Vocabularios |9 316229 | |
| 583 | |a last modification |c 20130806 05:56:06 |k Rodrigo Vera | ||
| 999 | |c 242866 |d 242864 | ||